Medicina popular en Colombia : (Registro nro. 2289)

Detalles MARC
000 -CABECERA
Campo de control 00699nam a2200217 a 4500
005 - FECHA Y HORA DE LA ULTIMA TRANSACCION
Campo de control 20160212154817.0
008 - ELEMENTOS DE LONGITUD FIJA—INFORMACION GENERAL
Campo de control 140305s1981 ck ab fr|||| 001 0 spa d
040 ## - FUENTE DE CATALOGACIÓN
Agencia catalogadora original CO-BoIAVH
Agencia transcriptora CO-BoIAVH
041 0# - IDIOMA
Código de idioma para texto/pista de sonido o título separado Español
044 ## - PAÍS DE PUBLICACIÓN
País de publicación Colombia
082 04 - NUMERO DE CLASIFICACION DECIMAL DEWEY
Número de clasificación 581.634
Número del ítem M77m
100 1# - ASIENTO PRINCIPAL--NOMBRE PERSONAL
Nombre personal Montes Giraldo, José Joaquín
9 (RLIN) 15363
245 10 - MENCION DE TITULO
Título Medicina popular en Colombia :
Parte restante del título vegetales y otras sustancias usadas como remedios
260 ## - PUBLICACION, DISTRIBUCION, ETC. (PIE DE IMPRENTA)
Lugar de publicación, distribución, etc. Bogotá :
Nombre del editor, distribuidor, etc. Instituto Caro y Cuervo,
Fecha de publicación, distribución, etc. 1981.
300 ## - DESCRIPCION FISICA
Extensión 295 páginas :
Otros detalles físicos Ilustraciones, mapas ;
Dimensiones 24 x 15 cm
650 16 - ASIENTO SECUNDARIO DE MATERIA - TERMINO TEMATICO
Término temático o nombre geográfico como elemento de entrada Medicina tradicional
9 (RLIN) 59124
650 26 - ASIENTO SECUNDARIO DE MATERIA - TERMINO TEMATICO
Término temático o nombre geográfico como elemento de entrada Plantas útiles
9 (RLIN) 59125
650 26 - ASIENTO SECUNDARIO DE MATERIA - TERMINO TEMATICO
Término temático o nombre geográfico como elemento de entrada Plantas medicinales
9 (RLIN) 59126
662 ## - ASIENTO SECUNDARIO DE MATERIA - JERARQUIA DEL NOMBRE DE LUGAR(
País o entidad mayor Colombia
942 ## - ELEMENTOS ADICIONALES (KOHA)
Tipo de ítem Libro
Sistema de clasificación Dewey Decimal Classification
Existencias
Withdrawn status Lost status Sistema de Clasificación Damaged status No para préstamo Colección Inventariado Ubicación Permanente Ubicación actual Fecha de adquisición Fuente de Valor Valor Total Checkouts Total Renewals Número topográfico Inventario / Código de Barras Date last seen Date checked out Ejemplar Price effective from Tipo de material
    Dewey Decimal Classification     General Inventariado 2017 Bogotá Bogotá 14/05/2001 Instituto 50000.00 1 1 LB-581.634 M77m 002860 17/08/2021 26/06/2019 Ej. 1 04/12/2012 Libro